000 01609nam a2200469 i 4500
001 24369
003 KOSZ 005
005 20200604082015.0
008 970510s1995 pl a f |001 0 pol
015 _aUWD 1995/8942
035 _a991000125959705066
035 _a(PL-WaBN)b10079683-48omnis_nlop
035 _ab10079683
035 _a(OCoLC)833964325
035 _a(PL)b0000001007968
035 _a(EXLNZ-48OMNIS_NETWORK)9910377729605606
040 _aWA N
_cWA N
_dKOSZ 005/EG
041 _apol
080 _a519.61/.65
080 _a681.5
080 _a(075.8)
100 1 _aDrozdowski, Piotr
_eAutor
245 1 0 _aWprowadzenie do MATLAB-a /
_cPiotr Drozdowski ; Politechnika Krakowska im. Tadeusza Kościuszki.
260 _aKraków :
_bPK,
_c1995.
300 _a161 s. :
_bwykr. ;
_c24 cm.
336 _2rdacontent
_aTekst
_btxt
337 _2rdamedia
_aBez urządzenia pośredniczącego
_bn
338 _2rdacarrier
_aWolumin
_bnc
380 _aKsiążki
380 _aPublikacje dydaktyczne
385 _mPoziom nauczania
_aSzkoły wyższe
388 _a1901-2000
504 _aBibliogr. s. 159-161. - Indeks.
521 _aSkrypt dla studentów wyższych szkół technicznych.
650 7 _aMatlab
_2DBN
655 7 _aPodręczniki akademickie
_2DBN
658 _aInformatyka i technologie informacyjne
710 2 _aPolitechnika Krakowska im. Tadeusza Kościuszki
_4pbl
_bWydawnictwo
856 _uhttp://koha.tu.koszalin.pl/cgi-bin/koha/opac-detail.pl?biblionumber=24369
_yKatalog online BPK
942 _2UKD
_cKS
999 _c24369
_d24369